El tambor, especie forestal nativa : (Registro nro. 4729)
[ vista simple ]
| 000 -CABECERA | |
|---|---|
| Campo de control | 01025cam a2200253 a 4500 |
| 005 - FECHA Y HORA DE LA ULTIMA TRANSACCION | |
| Campo de control | 20160209095732.0 |
| 008 - ELEMENTOS DE LONGITUD FIJA—INFORMACION GENERAL | |
| Campo de control | 040805s2004 ck a b 000 0 spa d |
| 040 ## - FUENTE DE CATALOGACIÓN | |
| Agencia catalogadora original | VXG |
| Agencia transcriptora | VXG |
| Agencia Modificadora | OCLCQ |
| -- | DLC |
| -- | CO-BoIAVH |
| 041 0# - IDIOMA | |
| Código de idioma para texto/pista de sonido o título separado | Español |
| 044 ## - PAÍS DE PUBLICACIÓN | |
| País de publicación | Colombia |
| 082 04 - NUMERO DE CLASIFICACION DECIMAL DEWEY | |
| Número de clasificación | 581.7 |
| Número del ítem | O83t |
| 100 1# - ASIENTO PRINCIPAL--NOMBRE PERSONAL | |
| Nombre personal | Ospina Penagos, Carlos Mario. |
| 9 (RLIN) | 22172 |
| 245 03 - MENCION DE TITULO | |
| Título | El tambor, especie forestal nativa : |
| Parte restante del título | cultivo y aspectos fitosanitarios en Colombia / |
| Mención de responsabilidad | por Carlos Mario Ospina Penagos ... [y otros 3]. |
| 260 ## - PUBLICACION, DISTRIBUCION, ETC. (PIE DE IMPRENTA) | |
| Lugar de publicación, distribución, etc. | Chinchiná (Caldas, Colombia) : |
| Nombre del editor, distribuidor, etc. | Cenicafé, |
| Fecha de publicación, distribución, etc. | 2004. |
| 300 ## - DESCRIPCION FISICA | |
| Extensión | 40 páginas : |
| Otros detalles físicos | ilustraciones a color ; |
| Dimensiones | 24 x 17 cm. |
| 490 0# - MENCION DE SERIE | |
| Mención de serie | Boletín técnico, |
| Número International Normalizado para Libros | 0120-047X ; |
| Designación numérica/secuencial del volumen | no. 26 |
| 504 ## - NOTA DE BIBLIOGRAFIA, ETC. | |
| Nota de bibliografía | Incluye referencias bibliográficas (páginas 35-39). |
| 650 #6 - ASIENTO SECUNDARIO DE MATERIA - TERMINO TEMATICO | |
| Término temático o nombre geográfico como elemento de entrada | Arboles forestales |
| Subdivisión geográfica | Colombia. |
| 9 (RLIN) | 58072 |
| 650 #6 - ASIENTO SECUNDARIO DE MATERIA - TERMINO TEMATICO | |
| Término temático o nombre geográfico como elemento de entrada | Arboles forestales |
| Subdivisión general | Enfermedades y plagas |
| Subdivisión geográfica | Colombia. |
| 9 (RLIN) | 58073 |
| 700 1# - ASIENTO SECUNDARIO - NOMBRE PERSONAL | |
| Nombre personal | Posada López, Carlos Javier |
| 9 (RLIN) | 58074 |
| 700 1# - ASIENTO SECUNDARIO - NOMBRE PERSONAL | |
| Nombre personal | Gil Palacio, Zulma Nancy |
| 9 (RLIN) | 22174 |
| 700 1# - ASIENTO SECUNDARIO - NOMBRE PERSONAL | |
| Nombre personal | Castro Caicedo, Bertha Lucía |
| 9 (RLIN) | 22175 |
| 942 ## - ELEMENTOS ADICIONALES (KOHA) | |
| Sistema de clasificación | Dewey Decimal Classification |
| Tipo de ítem | Libro |
| Withdrawn status | Lost status | Sistema de Clasificación | Damaged status | No para préstamo | Colección | Inventariado | Ubicación Permanente | Ubicación actual | Fecha de adquisición | Fuente de Valor | Total Checkouts | Número topográfico | Inventario / Código de Barras | Date last seen | Ejemplar | Price effective from | Forma de adquisición | Tipo de material |
|---|---|---|---|---|---|---|---|---|---|---|---|---|---|---|---|---|---|---|
| Dewey Decimal Classification | General | Inventariado 2017 | Bogotá | Bogotá | 27/07/2005 | IDEAM | LB-581.7 O83t | 019497 | 04/12/2012 | Ej. 1 | 04/12/2012 | Libro | ||||||
| Dewey Decimal Classification | General | Inventariado 2017 | Sala Fabio Quevedo | Sala Fabio Quevedo | 27/07/2005 | IDEAM | LB-581.7 O83t | 019498 | 04/12/2012 | Ej. 2 | 04/12/2012 | Libro |